Statistiques concernant Arsenal saison 2017-2018

Cliquez ici pour prendre le quiz!

Statistiques générales

  • Ce quiz a été pris 70 fois
  • Le résultat moyen est 14 sur 26

Statistiques - réponses

Hint Answer % Correct
N°6 vice-capitaineKoscielny
92%
N°11 milieuÖzil
91%
N°33 gardienČech
89%
N°9 attaquantLacazette
89%
N°14 attaquantAubameyang
84%
N°8 milieuRamsey
80%
N°13 gardienOspina
73%
N°24 défenseurBellerín
72%
N°18 défenseurMonreal
63%
N°29 milieuXhaka
59%
N°20 défenseurMustafi
56%
N°4 capitaineMertesacker
55%
N°10 milieuWilshere
55%
N°31 défenseurKolašinac
53%
N°17 attaquantIwobi
48%
N°7 milieuMkhitaryan
44%
N°23 attaquantWelbeck
42%
N°21 défenseurChambers
41%
N°19 milieuCazorla
38%
N°35 milieuElneny
33%
N°16 défenseurHolding
30%
N°30 mileuMaitland-Niles
19%
N°61 milieuNelson
17%
N°69 milieuWillock
14%
N°54 gardienMacey
8%
N°27 défenseurMavropanos
6%

Distribution des résultats

Percentile par nombre de réponses

% des personnes avec chaque résultat

Votre développement - résultats

Vous n’avez pas pris ce quiz